Get the Picture: The Avengers Quiz Stats

 Plays Quiz not verified by Sporcle

Score 0/16 Timer 04:00
9 Plays Today
Question Answer Wrong Answers
Alter ego is Tony Stark Iron Man
96.5%
Thor
0.7%
Captain America
0.5%
Hulk
0.5%
Is an Asgardian Thor
96%
Iron Man
0.7%
Captain America
0.6%
Hulk
0.7%
Wields the hammer Mjolnir Thor
95.7%
Iron Man
0.8%
Captain America
0.7%
Hulk
0.5%
Alter ego is Dr. Bruce Banner Hulk
95.6%
Iron Man
0.6%
Thor
1%
Captain America
0.3%
Runs a global aerospace, defense, security & advanced technologies corporation Iron Man
94.9%
Thor
1.4%
Captain America
0.8%
Hulk
0.6%
Alter Ego is Steve Rogers Captain America
94.7%
Iron Man
1.3%
Thor
1.4%
Hulk
0.5%
Primary weapon is an indestructible vibranium shield Captain America
93.9%
Iron Man
1.8%
Thor
1.8%
Hulk
0.5%
Paternal foster brother to the Frost Giant Loki Thor
93.2%
Iron Man
1.6%
Captain America
1%
Hulk
1.9%
Transformed with a Super-Soldier Serum Captain America
92.2%
Iron Man
1.5%
Thor
1.4%
Hulk
2.8%
Transformed by Gamma Radiation Hulk
92.1%
Iron Man
1.3%
Thor
1.7%
Captain America
2.7%
Does not have their own MCU film trilogy Hulk
90.4%
Iron Man
1.2%
Thor
3.8%
Captain America
2.4%
Alter ego is Dr. Donald Blake Thor
66.6%
Iron Man
6%
Captain America
6%
Hulk
19.2%
Original member of the Illuminati Iron Man
54.8%
Thor
17.8%
Captain America
19.5%
Hulk
5.8%
Member of the Hellfire Club Iron Man
42.6%
Thor
25%
Captain America
14.5%
Hulk
15.5%
Original member of the Defenders Hulk
33.4%
Iron Man
16.1%
Thor
15.1%
Captain America
33.4%
Not an original member of The Avengers Captain America
30.5%
Iron Man
8.5%
Thor
33.6%
Hulk
25.3%

You're not logged in!

Compare scores with friends on all Sporcle quizzes.
OR
Log In

You Might Also Like...

Show Comments

Extras

Top Quizzes Today


Score Distribution

Your Account Isn't Verified!

In order to create a playlist on Sporcle, you need to verify the email address you used during registration. Go to your Sporcle Settings to finish the process.

Report this User

Report this user for behavior that violates our Community Guidelines.

Details: